02287nam a2200385 i 4500001001000000003000900010005001700019007000300036008004100039040003000080041000800110082002400118100006400142245010000206264011000306300002800416336002700444337003300471338002800504490004400532500002100576504007300597505029100670590002700961650004200988650004501030651004101075910004501116942001401161952012701175952020701302952021201509952016301721999001701884000027747DO-SdBNP20250623110848.0ta110404s1971 dr 000 0 spa d aDO-SdBNPbspacBNPHUerda hspa 4a972.9302bR696d2221 aRodríguez Demorizi, Emilio,d1908-1986eautor4aut.9103914aLos dominicos y las encomiendas de indios de la Isla Española /cEmilio Rodríguez Demorizi. 1aSanto Domingo, República Dominicana :bAcademia Dominicana de la Historia ;bEditora del Caribe,c1971. a399 páginas ;c23 cm. atextobtxt2rdacontent asin mediaciónbn2rdamedia avolumenbnc2rdacarrier0 aAcademia Dominicana de la Historia v30 aIncluye índice aIncluye referencias bibliográficas y notas al pie de las páginas0 aHomenaje -- tIntroducción --tEl padre Córdoba -- tRepartimiento de 1514 -- tCarta del Lic. Zuazo, 1518--tBiografía del Lic. Zuazo por Navarrete --tInterrogatorio geronimiano 1517--tDe la Isla Española, por B. de Las Casas -- tÍndice de personas, lugares y materias. aInventariado, 2020/MFF 4aEncomiendas (América Latina)954825 4aTrato a los indigenaszHispaniola954826 4aHispaniolaxHistoriavFuentes954827 aVMateo. Validado. Control de calidad MFF 2ddccLBS1 00102ddc56708DSaBNPHUbBNPHUcHDd2019-08-09l0oBNPHU DS 972.9302 R696dp27747-30r2020-06-25te.3w2020-06-25yLBS1 00102ddc51708PDaBNPHUbBNPHUcHDd2011-04-04eDonaciónl0oBNPHU PD 972.9302 R696dp27747-10r2020-06-25w2020-06-25yLBS1zPerteneció a la biblioteca personal de Aída Cartagena Portalatín. 00102ddc51708PDaBNPHUbBNPHUcHDd2011-06-08eDonaciónl0oBNPHU PD 972.9302 R696dp27747-20r2020-06-25te.2w2020-06-25yLBS1zPerteneció a la biblioteca personal de Juan Isidro Jimenes Grullón. 00102ddc56708DSaBNPHUbBNPHUcHDd2025-06-02eDonado por Ilonka Nacidit Perdomol0oBNPHU DS 972.9302 R696dp2025-4762r2025-06-02te.4w2025-06-02yLBS1 c27239d27239